<?xml version="1.0" encoding="UTF-8"?>
<record
    xmlns:xsi="http://www.w3.org/2001/XMLSchema-instance"
    xsi:schemaLocation="http://www.loc.gov/MARC21/slim http://www.loc.gov/standards/marcxml/schema/MARC21slim.xsd"
    xmlns="http://www.loc.gov/MARC21/slim">

  <leader>00476nam a22001817a 4500</leader>
  <controlfield tag="005">20180205121635.0</controlfield>
  <controlfield tag="008">160429b        xxu||||| |||| 00| 0 eng d</controlfield>
  <datafield tag="020" ind1=" " ind2=" ">
    <subfield code="a">81-7656372-3</subfield>
  </datafield>
  <datafield tag="041" ind1=" " ind2=" ">
    <subfield code="a">eng</subfield>
  </datafield>
  <datafield tag="082" ind1=" " ind2=" ">
    <subfield code="b">00829</subfield>
    <subfield code="a">005.13</subfield>
  </datafield>
  <datafield tag="100" ind1=" " ind2=" ">
    <subfield code="a">Bayross, Ivan</subfield>
    <subfield code="9">121</subfield>
  </datafield>
  <datafield tag="245" ind1=" " ind2=" ">
    <subfield code="a">SQL, PL/SQL: The Programming Language of Oracle</subfield>
  </datafield>
  <datafield tag="250" ind1=" " ind2=" ">
    <subfield code="a">2ND REVISED ED.</subfield>
  </datafield>
  <datafield tag="260" ind1=" " ind2=" ">
    <subfield code="a">New Delhi</subfield>
    <subfield code="b">BPB Publishing, </subfield>
    <subfield code="c">2003</subfield>
  </datafield>
  <datafield tag="300" ind1=" " ind2=" ">
    <subfield code="a">379</subfield>
  </datafield>
  <datafield tag="650" ind1=" " ind2=" ">
    <subfield code="a">Information Technology</subfield>
    <subfield code="9">137</subfield>
  </datafield>
  <datafield tag="942" ind1=" " ind2=" ">
    <subfield code="c">BK</subfield>
  </datafield>
  <datafield tag="999" ind1=" " ind2=" ">
    <subfield code="c">271</subfield>
    <subfield code="d">271</subfield>
  </datafield>
  <datafield tag="952" ind1=" " ind2=" ">
    <subfield code="0">0</subfield>
    <subfield code="1">0</subfield>
    <subfield code="4">0</subfield>
    <subfield code="7">0</subfield>
    <subfield code="8">CS/IT</subfield>
    <subfield code="a">JRU</subfield>
    <subfield code="b">JRU</subfield>
    <subfield code="c">SHELF-54-F</subfield>
    <subfield code="d">2016-04-29</subfield>
    <subfield code="g">297.00</subfield>
    <subfield code="l">0</subfield>
    <subfield code="o">005.13</subfield>
    <subfield code="p">00829</subfield>
    <subfield code="r">2016-04-29 00:00:00</subfield>
    <subfield code="w">2016-04-29</subfield>
    <subfield code="y">BK</subfield>
  </datafield>
  <datafield tag="952" ind1=" " ind2=" ">
    <subfield code="0">0</subfield>
    <subfield code="1">0</subfield>
    <subfield code="4">0</subfield>
    <subfield code="7">0</subfield>
    <subfield code="8">CS/IT</subfield>
    <subfield code="a">JRU</subfield>
    <subfield code="b">JRU</subfield>
    <subfield code="c">SHELF-54-F</subfield>
    <subfield code="d">2016-04-29</subfield>
    <subfield code="g">297.00</subfield>
    <subfield code="l">1</subfield>
    <subfield code="m">1</subfield>
    <subfield code="o">005.13</subfield>
    <subfield code="p">00830</subfield>
    <subfield code="r">2016-12-22 00:00:00</subfield>
    <subfield code="s">2016-11-17</subfield>
    <subfield code="w">2016-04-29</subfield>
    <subfield code="y">BK</subfield>
  </datafield>
  <datafield tag="952" ind1=" " ind2=" ">
    <subfield code="0">0</subfield>
    <subfield code="1">0</subfield>
    <subfield code="4">0</subfield>
    <subfield code="7">0</subfield>
    <subfield code="8">CS/IT</subfield>
    <subfield code="a">JRU</subfield>
    <subfield code="b">JRU</subfield>
    <subfield code="c">SHELF-54-F</subfield>
    <subfield code="d">2016-04-29</subfield>
    <subfield code="g">297.00</subfield>
    <subfield code="l">4</subfield>
    <subfield code="o">005.13</subfield>
    <subfield code="p">00831</subfield>
    <subfield code="r">2020-02-17 00:00:00</subfield>
    <subfield code="s">2020-02-03</subfield>
    <subfield code="w">2016-04-29</subfield>
    <subfield code="y">BK</subfield>
  </datafield>
  <datafield tag="952" ind1=" " ind2=" ">
    <subfield code="0">0</subfield>
    <subfield code="1">0</subfield>
    <subfield code="4">0</subfield>
    <subfield code="7">0</subfield>
    <subfield code="8">CS/IT</subfield>
    <subfield code="a">JRU</subfield>
    <subfield code="b">JRU</subfield>
    <subfield code="c">SHELF-54-F</subfield>
    <subfield code="d">2016-04-29</subfield>
    <subfield code="g">297.00</subfield>
    <subfield code="l">2</subfield>
    <subfield code="o">005.13</subfield>
    <subfield code="p">00832</subfield>
    <subfield code="r">2024-09-18 13:19:15</subfield>
    <subfield code="s">2024-09-04</subfield>
    <subfield code="w">2016-04-29</subfield>
    <subfield code="y">BK</subfield>
  </datafield>
  <datafield tag="952" ind1=" " ind2=" ">
    <subfield code="0">0</subfield>
    <subfield code="1">0</subfield>
    <subfield code="4">0</subfield>
    <subfield code="7">0</subfield>
    <subfield code="8">CS/IT</subfield>
    <subfield code="a">JRU</subfield>
    <subfield code="b">JRU</subfield>
    <subfield code="c">SHELF-54-F</subfield>
    <subfield code="d">2016-04-29</subfield>
    <subfield code="g">297.00</subfield>
    <subfield code="l">4</subfield>
    <subfield code="m">3</subfield>
    <subfield code="o">005.13</subfield>
    <subfield code="p">00833</subfield>
    <subfield code="r">2024-10-24 11:37:46</subfield>
    <subfield code="s">2024-09-30</subfield>
    <subfield code="w">2016-04-29</subfield>
    <subfield code="y">BK</subfield>
  </datafield>
</record>
